00335nam a2200133Ia 4500008004100000041000800041082001400049100003000063245002400093250000800117260004700125300000700172650002200179230711s9999||||xx |||||||||||||| ||und|| aENG a624bBU-I aBureau of Indian Standard 0aIS : 1893 Pt I 2002 a5th c2006aNew DelhibBureau of Indian Standard a39 aCivil Engineering